Πολυεθνικές εταιρείες δημητριακών και η διαμόρφωση των τιμών

Αποθηκεύτηκε σε:
Λεπτομέρειες βιβλιογραφικής εγγραφής
Κύριος συγγραφέας: Γκέκος, Γιώργος
Μορφή: Βιβλίο
Γλώσσα:Greek
Δημοσίευση: Αθήνα : Α.Τ.Ε., 1985
Σειρά:Ειδικές επιστημονικές μελέτες
Θέματα:
Ετικέτες: Προσθήκη ετικέτας
Δεν υπάρχουν, Καταχωρήστε ετικέτα πρώτοι!

MARC

LEADER 00000nam a2200000 i 4500
001 1/60270
008 960430s1985 gre d
035 |l 10028686 
040 |a GR-MY-UA  |b gre  |e aacr 
041 0 |a gre 
082 0 |a 382.4131 
100 1 |a Γκέκος, Γιώργος. 
245 1 0 |a Πολυεθνικές εταιρείες δημητριακών και η διαμόρφωση των τιμών 
260 |a Αθήνα :   |b Α.Τ.Ε.,   |c 1985 
300 |a 292 σ. 
490 1 |a Ειδικές επιστημονικές μελέτες 
650 0 0 |a Grain trade. 
830 0 |a Ειδικές επιστημονικές μελέτες 
852 |a INST  |b CHIOS  |e 19960430  |h 382.4131 ΓΚΕ  |p 005200005003  |q 005200005003  |t BK  |y 0 
909 |a Χ  |b 007857